书目信息 |
| 题名: |
邓小平文选
|
|
| 作者: | ||
| 分册: | 第一卷 | |
| 出版信息: | 北京 人民出版社 1989 |
|
| 页数: | 384 | |
| 开本: | 20cm | |
| 丛书名: | ||
| 单 册: | ||
| 中图分类: | A76 | |
| 科图分类: | ||
| 主题词: | 毛泽东--传记 , 恩格斯--生平事迹 , 恩格斯--传记 , 列宁--生平事迹 , 马克思--生事迹 , 马克思--传记 , 列宁--传记 , 毛泽东--生平事迹 | |
| 电子资源: | ||
| ISBN: | 7-01-002067-1 | |
| 000 | 00650nam0 2200253 450 | |
| 001 | 0735257515 | |
| 005 | 20070904094737.51 | |
| 010 | @a7-01-002067-1@d6.70 | |
| 100 | @a20070904d km y0chiy0120 ea | |
| 101 | 0 | @achi |
| 200 | 1 | @a邓小平文选@Adeng xiao ping wen xuan@h第一卷 |
| 210 | @a北京@c人民出版社@d1989 | |
| 215 | @a384@d20cm | |
| 606 | 0 | @a毛泽东@x传记 |
| 606 | 0 | @a恩格斯@x生平事迹 |
| 606 | 0 | @a恩格斯@x传记 |
| 606 | 0 | @a列宁@x生平事迹 |
| 606 | 0 | @a马克思@x生事迹 |
| 606 | 0 | @a马克思@x传记 |
| 606 | 0 | @a列宁@x传记 |
| 606 | 0 | @a毛泽东@x生平事迹 |
| 690 | @aA76@v3 | |
| 801 | 0 | @aCN@bPFT@c20070904 |
| 905 | @a213230@dA76@ea17:1@f1 | |
| 邓小平文选.第一卷.-北京:人民出版社,1989 |
| 384;20cm |
| ISBN 7-01-002067-1:6.70 |
| ● |
| 相关链接 |
|
|
|
|
正题名:邓小平文选
索取号:A76/a17:1
 
预约/预借
| 序号 | 登录号 | 条形码 | 馆藏地/架位号 | 状态 | 备注 |
| 1 | 7500193 | 275001935 | 密集书库-史法系/ [索取号:A76/a17:1] | 在馆 |